000 00424nam a2200157Ia 4500
005 20250411062217.0
008 240331s9999 xx 000 0 und d
020 _a9552102782
082 _bJAY
_a891
100 _aJayatunghe,N.P
245 0 _aUthurata giya sebelekuge kathawa
260 _aNugegoda
_bM.D. Gunasena Books shop
_c1991
300 _a220 p .,
500 _aStory Of a solider who went to the north
942 _cL
999 _c4821
_d4821